| 000 | 01502cam a2200361 a 4500 | ||
|---|---|---|---|
| 001 | 202352 | ||
| 003 | OSt | ||
| 005 | 20140310181729.0 | ||
| 008 | 990318s1999 caua 001 0 eng | ||
| 010 |
_a 99062007 _z 99062259 |
||
| 020 | _a0764551353 (pbk. : acidfree paper) | ||
| 040 |
_aDLC _cDLC _dDLC |
||
| 050 | 0 | 0 |
_aPR 2987 _b.D754 1999 |
| 082 | 0 | 0 |
_aIB 822.33 _bD77 1999 |
| 100 | 1 | _aDoyle, John. | |
| 245 | 1 | 0 |
_aShakespeare for dummies® / _cby John Doyle and Ray Lischner ; foreword by Dame Judi Dench. |
| 260 |
_aFoster City, CA : _bIDG Books Worldwide, Inc., _c1999. |
||
| 300 |
_axx, 363 p. : _bill. ; _c24 cm. |
||
| 500 | _aIncludes index. | ||
| 521 | _aIB Students | ||
| 541 | _j1 | ||
| 562 | _efor circulation : 1 copy in the collection | ||
| 600 | 1 | 0 |
_aShakespeare, William, _d1564-1616 _vHandbooks, manuals, etc. |
| 600 | 1 | 0 |
_aShakespeare, William, _d1564-1616 _vOutlines, syllabi, etc. |
| 700 | 1 |
_aLischner, Ray, _d1961- |
|
| 856 | 4 | 2 |
_3Contributor biographical information _uhttp://www.loc.gov/catdir/bios/wiley044/99062007.html |
| 856 | 4 | 2 |
_3Publisher description _uhttp://www.loc.gov/catdir/description/wiley038/99062007.html |
| 856 | 4 | 1 |
_3Table of contents _uhttp://www.loc.gov/catdir/toc/wiley024/99062007.html |
| 906 |
_a7 _bcbc _corignew _d2 _eopcn _f19 _gy-gencatlg |
||
| 942 |
_2lcc _cIB _kIB |
||
| 999 |
_c2304 _d2304 |
||